| 000 | 01227cam a22001814a 4500 | ||
|---|---|---|---|
| 005 | 20250605164022.0 | ||
| 008 | 250528s ||||||||||||||||||||||||d | ||
| 035 | _a16392 | ||
| 040 |
_aGR-AtMCL _bgre _dGR-AtMCL _eAACR2 |
||
| 245 | 1 | _aΟικονομικά Μαθηματικά | |
| 260 |
_bΑθήνα, _c1987 |
||
| 300 | _a196 | ||
| 520 | _aΘεμελιώδεις Γνώσεις της Αριθμητικής και Προβλήματα από την Καθημερινή Ζωή των Οικονομικών Συναλλαγών, Βασικές Έννοιες και Ορισμοί, Κλάσματα, Δεκαδικοί Αριθμοί, Λόγοι και Αναλογίες, Προβλήματα Ποσοστών, Μερισμός σε Μέρη Ανάλογα, Βραχυπρόθεσμα Οικονομικά Μαθηματικά, Προεξόφληση με Απλό Τόκο, Ισοδύναμα Γραμμάτια, Μακροπρόθεσμα Οικονομικά Μαθηματικά, Ράντες ή Ίσες Καταθέσεις, Νομίσματα και Πολύτιμα Μέταλλα, Δάνεια. | ||
| 700 | 1 |
_aΛεκάτος Γεώργιος Στ _92486 |
|
| 942 | _cBK | ||
| 999 |
_c1897 _d1897 |
||